| 000 | 01265cam a2200349 a 4500 | ||
|---|---|---|---|
| 999 |
_c129608 _d129608 |
||
| 001 | 12972895 | ||
| 003 | ARRUPE | ||
| 005 | 20190522141643.0 | ||
| 008 | 020822s2001 rh b bs 000 0 eng | ||
| 010 | _a 2002345720 | ||
| 020 | _a1779051190 | ||
| 035 | _a(DLC) 2002345720 | ||
| 040 |
_aDLC _cDLC _dDLC |
||
| 042 | _alcode | ||
| 043 | _afs----- | ||
| 050 | 0 | 0 |
_aHB2123.3.A3 _bM54 2001 |
| 245 | 0 | 0 |
_aMigration and development in Southern Africa : _bpolicy reflections / _c[edited by Khabele Matlosa]. |
| 260 |
_aHarare : _bSAPES Books, _c2001. |
||
| 300 |
_a302 p. : _bmaps ; _c21 cm. |
||
| 440 | 0 |
_aSouthern Africa specialised studies series _923046 |
|
| 500 | _a"SAPES Trust"--P. [4] of cover. | ||
| 500 | _aErrata slip attached to cover p. [3]. | ||
| 504 | _aIncludes bibliographical references. | ||
| 650 | 0 |
_aMigration, Internal _zAfrica, Southern. _946409 |
|
| 650 | 0 |
_aRural development _zAfrica, Southern. _926663 |
|
| 650 | 0 |
_aAgriculture _xEconomic aspects _zAfrica, Southern. _946410 |
|
| 700 | 1 |
_aMatlosa, K. T. _946411 _eed. |
|
| 710 | 2 |
_aSAPES Trust. _923049 |
|
| 906 |
_a7 _bcbc _corigode _d3 _encip _f20 _gy-gencatlg |
||
| 942 |
_2lcc _cMONOGRAPH |
||